| 000 | 00829nam a2200241 i 4500 | ||
|---|---|---|---|
| 001 | 98476 | ||
| 003 | ES-MaACL | ||
| 005 | 20251103115654.0 | ||
| 007 | t| | ||
| 008 | 050915s1913 sp |||| | spa d | ||
| 100 | 1 |
_aPérez Galdós, Benito, _d1843-1920 _990871 |
|
| 245 | 1 | 0 |
_aCelia en los infiernos _b: comedia en cuatro actos / _cB. Pérez Galdos. |
| 260 |
_aMadrid : _bLibrería de los Sucesores de Hernando, _c1913. |
||
| 300 |
_a231 p. ; _c18 cm. |
||
| 490 | 1 | _aTeatro | |
| 530 | _aDisponible en formato digital. | ||
| 594 | _a"Representación en el Teatro Español la noche del 9 de diciembre de 1913" | ||
| 830 | 0 |
_aTeatro _9178026 |
|
| 852 |
_aES-MaACL _jB-4194(2) _cSPB |
||
| 856 | 4 |
_uhttp://bdh-rd.bne.es/viewer.vm?id=0000248197&page=1 _y(Biblioteca Digital Hispánica) |
|
| 942 | _2udc | ||
| 999 |
_c98476 _d98476 |
||